| 000 | 00860cam a2200289 4500 | ||
|---|---|---|---|
| 999 |
_c2494 _d2494 |
||
| 001 | 1291855 | ||
| 005 | 20170801110717.0 | ||
| 008 | 700107s1969 nyu b 000 0 eng | ||
| 010 | _a 76086124 | ||
| 020 | _a0670562610 | ||
| 040 |
_aDLC _cDLC _dDLC |
||
| 041 | 1 | _aengfre | |
| 050 | 0 | 0 |
_aB829.5 _b.B313 |
| 082 | 0 | 0 | _a801/.9 |
| 100 | 1 |
_aBachelard, Gaston, _d1884-1962. _912975 |
|
| 240 | 1 | 0 |
_aPoétique de la rêverie. _lEnglish |
| 245 | 1 | 4 |
_aThe poetics of reverie. _cTranslated from the French by Daniel Russell. |
| 260 |
_aNew York, _bOrion Press, _c1969. |
||
| 300 |
_avii, 212 p. _c22 cm. |
||
| 350 | _a7.50 | ||
| 504 | _aBibliographical footnotes. | ||
| 650 | 0 |
_aPhenomenology. _934155 |
|
| 650 | 0 |
_aPoetry. _98404 |
|
| 650 | 0 |
_aDreams. _912980 |
|
| 906 |
_a7 _bcbc _corignew _du _encip _f19 _gy-gencatlg |
||
| 942 |
_2lcc _cMONOGRAPH |
||